Paternidad responsable /

Tallennettuna:
Bibliografiset tiedot
Päätekijä: Araiza Velázquez, Jaime (autor)
Aineistotyyppi: Kirja
Kieli:espanja
Julkaistu: México : Instituto Nacional de Protección a la Infancia, 1974
Tagit: Lisää tagi
Ei tageja, Lisää ensimmäinen tagi!

MARC

LEADER 00000nam^a2200000^a^4500
001 000456175
005 20250526000000.0
009 20260310124013.084
037 |a Acervo Xavier Clavigero 
041 |a ESP 
091 |a FCA. 05675 
100 |a Araiza Velázquez, Jaime  |e (autor) 
245 1 0 |a Paternidad responsable / 
264 1 |a México :  |b Instituto Nacional de Protección a la Infancia,  |c 1974 
300 |a 16 p. ;  |c 21.0 cm. 
336 |a texto  |b txt  |2 rdacontenido 
337 |a sin mediación  |b n  |2 rdamedio 
338 |a volumen  |b nc  |2 rdasoporte 
649 |a XX 
910 |a Fondo Xavier Cacho Vázquez S.J. 
920 |a Impresos - Libros 
930 |a Libros Antiguos y Raros 
905 |a 108 
901 |a 0500376433  |b IT2  |c LRA  |i D  |u 20250526 
902 |a https://opac.biblio.iteso.mx/vufind/Record/000456175